[Event "San Cristobal de La Laguna op 1st"]
[Site "San Cristobal de La Laguna"]
[Date "2018.09.05"]
[Round "7"]
[White "Szudra, Heinz Werner"]
[Black "Mamani Beltran, Daniel"]
[Result "1-0"]
[WhiteElo "2021"]
[BlackElo "1663"]
[PlyCount "69"]
[EventDate "2018.08.31"]
[EventType "swiss"]
[EventRounds "9"]
[EventCountry "ESP"]
[SourceTitle "CBM 186 Extra"]
[Source "ChessBase"]
[SourceDate "2018.08.24"]
[SourceVersion "1"]
[SourceVersionDate "2018.08.24"]
[SourceQuality "1"]

1. c4 e5 2. Nc3 Nc6 3. Nf3 g6 4. e3 Bg7 5. d4 d6 6. Be2 f5 7. dxe5 Nxe5 8. 0-0 Ne7 9. Nxe5 Bxe5 10. f4 Bg7 11. Bf3 0-0 12. Qc2 c6 13. Rd1 Be6 14. b3 Qc7 15. Bb2 Rac8 16. Rac1 Rfd8 17. Ne2 Bxb2 18. Qxb2 c5 19. Qf6 Bf7 20. Nc3 a6 21. Nd5 Nxd5 22. Bxd5 Bxd5 23. Rxd5 Qd7 24. Rcd1 Rc6 25. h4 Rf8 26. Rxd6 Qe8 27. Qe5 Rxd6 28. Rxd6 Qxe5 29. fxe5 Rf7 30. g3 Re7 31. Rd5 b6 32. Kf2 Kf7 33. Kf3 h6 34. Kf4 Re6 35. h5 1-0

[Event "San Cristobal de La Laguna op 1st"]
[Site "San Cristobal de La Laguna"]
[Date "2018.09.03"]
[Round "5"]
[White "Szudra, Heinz Werner"]
[Black "Alvarado Diaz, Alejandro"]
[Result "0-1"]
[WhiteElo "2021"]
[BlackElo "2394"]
[PlyCount "80"]
[EventDate "2018.08.31"]
[EventType "swiss"]
[EventRounds "9"]
[EventCountry "ESP"]
[SourceTitle "CBM 186 Extra"]
[Source "ChessBase"]
[SourceDate "2018.08.24"]
[SourceVersion "1"]
[SourceVersionDate "2018.08.24"]
[SourceQuality "1"]

1. c4 e6 2. e4 d5 3. exd5 exd5 4. d4 Nf6 5. Nc3 Bb4 6. Nf3 0-0 7. Be2 dxc4 8. 0-0 Nc6 9. Bg5 Bg4 10. Qa4 h6 11. Bh4 Be7 12. Rad1 Nd5 13. Bg3 Nb6 14. Qc2 Bd6 15. Ne5 Bxe5 16. dxe5 Qc8 17. Qe4 Bxe2 18. Nxe2 Re8 19. f4 f5 20. Qb1 Qe6 21. Nd4 Nxd4 22. Rxd4 Rad8 23. Rfd1 Rxd4 24. Rxd4 Re7 25. Qd1 Rd7 26. Bf2 Rxd4 27. Qxd4 Qd5 28. g3 Qxd4 29. Bxd4 Nd5 30. Kf1 b6 31. Ke2 c5 32. Bf2 c3 33. bxc3 Nxc3+ 34. Kd3 Nxa2 35. Kc4 Nb4 36. Be1 Nc2 37. Kd5 Kf7 38. Bc3 Ke7 39. Kc6 Ke6 40. Kb7 b5 0-1

[Event "Hamburg-ch MB"]
[Site "Hamburg"]
[Date "2015.05.25"]
[Round "3"]
[White "Glodowski, Marek"]
[Black "Szudra, Heinz Werner"]
[Result "0-1"]
[WhiteElo "1973"]
[BlackElo "1960"]
[PlyCount "66"]
[EventDate "2015.05.23"]
[EventType "swiss"]
[EventRounds "9"]
[EventCountry "GER"]
[SourceTitle "EXT 2022"]
[Source "ChessBase"]
[SourceDate "2021.10.06"]
[SourceVersion "1"]
[SourceVersionDate "2021.10.06"]
[SourceQuality "1"]

1. e4 e6 2. d4 d5 3. Bd3 dxe4 4. Bxe4 Nf6 5. Nc3 Nxe4 6. Nxe4 Nd7 7. Nf3 Be7 8. Qd3 Nf6 9. Bd2 0-0 10. h4 Nxe4 11. Qxe4 f5 12. Qd3 Bd7 13. Ne5 Bc6 14. 0-0-0 Be4 15. Qe3 c5 16. Bc3 Qc7 17. f3 cxd4 18. Rxd4 Bd5 19. Rxd5 exd5 20. Nd3 Bf6 21. Qe6+ Qf7 22. Qxf7+ Rxf7 23. Bxf6 Rxf6 24. Re1 Rff8 25. Nf4 Rfe8 26. Rd1 Rad8 27. Nxd5 Kf7 28. g4 Re5 29. c4 b5 30. b3 bxc4 31. bxc4 fxg4 32. Rd4 gxf3 33. Rf4+ Kg8 0-1

[Event "Latschach op 30th"]
[Site "Latschach"]
[Date "2014.08.11"]
[Round "4"]
[White "Szudra, Heinz Werner"]
[Black "Frank, Emanuel"]
[Result "1/2-1/2"]
[WhiteElo "1962"]
[BlackElo "2158"]
[PlyCount "42"]
[EventDate "2014.08.09"]
[EventType "swiss"]
[EventRounds "9"]
[EventCountry "AUT"]
[SourceTitle "CBM 161 Extra"]
[Source "ChessBase"]
[SourceDate "2014.08.29"]
[SourceVersion "1"]
[SourceVersionDate "2014.08.29"]
[SourceQuality "1"]

1. c4 e5 2. Nc3 Nf6 3. Nf3 Nc6 4. g3 d5 5. cxd5 Nxd5 6. Bg2 Nb6 7. 0-0 Be7 8. a3 0-0 9. b4 Be6 10. Rb1 f6 11. d3 Nd4 12. Nxd4 exd4 13. Ne4 Bd5 14. Bb2 f5 15. Nd2 Bxg2 16. Kxg2 Qd5+ 17. Kg1 c5 18. bxc5 Bxc5 19. Qb3 Rfd8 20. Rfc1 Rac8 21. Rc2 Be7 1/2-1/2

[Event "Harburg-chC 8th"]
[Site "Hamburg"]
[Date "2010.08.22"]
[Round "5"]
[White "Nixdorf, Andre"]
[Black "Szudra, Heinz Werner"]
[Result "1/2-1/2"]
[WhiteElo "2054"]
[BlackElo "1991"]
[PlyCount "97"]
[EventDate "2010.08.20"]
[EventType "tourn"]
[EventRounds "5"]
[EventCountry "GER"]
[SourceTitle "EXT 2012"]
[Source "ChessBase"]
[SourceDate "2011.11.24"]
[SourceVersion "1"]
[SourceVersionDate "2011.11.24"]
[SourceQuality "1"]

1. e4 e6 2. d4 d5 3. Nc3 Bb4 4. e5 c5 5. a3 Bxc3+ 6. bxc3 Ne7 7. Qg4 0-0 8. Bd3 f5 9. exf6 Rxf6 10. Bg5 Rf7 11. Qh4 h6 12. Nf3 Nbc6 13. Bxe7 Qxe7 14. Qxe7 Rxe7 15. dxc5 e5 16. Nd2 Be6 17. 0-0 Na5 18. Rab1 a6 19. Nb3 Nc6 20. Rfe1 g5 21. h3 Kf7 22. Re3 Rf8 23. Nd2 Kg7 24. Rb6 Rc8 25. Nb3 Kf7 26. Rf3+ Kg7 27. Rg3 Kf6 28. Rf3+ Kg7 29. Re3 Kf7 30. Kh2 h5 31. Rg3 Kf6 32. Rf3+ Kg7 33. Re3 Kf6 34. Be2 h4 35. Bd3 Kg7 36. g3 Rf7 37. Kg2 Rcf8 38. f3 hxg3 39. Kxg3 d4 40. cxd4 Bxb3 41. Rxb3 exd4 42. Re6 Rxf3+ 43. Kg4 R8f4+ 44. Kxg5 Nd8 45. Rg6+ Kf8 46. Bc4 Rf5+ 47. Kg4 R5f4+ 48. Kg5 Rf5+ 49. Kg4 1/2-1/2

[Event "Harburg-chC 8th"]
[Site "Hamburg"]
[Date "2010.08.21"]
[Round "2"]
[White "Szudra, Heinz Werner"]
[Black "Hagenlueke, Thomas"]
[Result "0-1"]
[WhiteElo "1991"]
[BlackElo "1967"]
[PlyCount "88"]
[EventDate "2010.08.20"]
[EventType "tourn"]
[EventRounds "5"]
[EventCountry "GER"]
[SourceTitle "EXT 2012"]
[Source "ChessBase"]
[SourceDate "2011.11.24"]
[SourceVersion "1"]
[SourceVersionDate "2011.11.24"]
[SourceQuality "1"]

1. c4 e5 2. Nc3 Nf6 3. Nf3 Nc6 4. g3 d5 5. cxd5 Nxd5 6. Bg2 Nb6 7. 0-0 Be7 8. a3 Be6 9. b4 0-0 10. d3 f6 11. Be3 a5 12. Bxb6 cxb6 13. b5 Nd4 14. Nxd4 Qxd4 15. Qd2 Rac8 16. Rfc1 Qd7 17. Qb2 Rc5 18. a4 Rfc8 19. Ne4 Qd4 20. Qd2 Rxc1+ 21. Rxc1 Qxa4 22. Rxc8+ Bxc8 23. Qc1 Bd7 24. Nc3 Qa3 25. Bd5+ Kf8 26. Qc2 Qc5 27. Qb3 Qb4 28. Qa2 Qxc3 29. Bg8 Be8 30. Qe6 Qc5 31. Bxh7 Bf7 32. Qd7 Be8 33. Qe6 Bf7 34. Qd7 Qc1+ 35. Kg2 Qc5 36. e4 Qd6 37. Qxb7 g6 38. f4 Kg7 39. Bxg6 Bxg6 40. f5 Bf7 41. h4 Qd8 42. g4 Bc5 43. g5 fxg5 44. h5 Qf6 0-1

[Event "Bargteheide op"]
[Site "Bargteheide"]
[Date "2008.05.01"]
[Round "1"]
[White "Szudra, Heinz Werner"]
[Black "Freckmann, Mark"]
[Result "1-0"]
[WhiteElo "1979"]
[BlackElo "2276"]
[PlyCount "69"]
[EventDate "2008.05.01"]
[EventType "swiss"]
[EventRounds "7"]
[EventCountry "GER"]
[SourceTitle "CBM 124 Extra"]
[Source "ChessBase"]
[SourceDate "2008.07.03"]
[SourceVersion "1"]
[SourceVersionDate "2008.07.03"]
[SourceQuality "1"]

1. c4 e6 2. e4 b6 3. Nc3 Bb7 4. Nf3 Bb4 5. Qb3 Bxc3 6. Qxc3 Bxe4 7. Qxg7 Qf6 8. Qxf6 Nxf6 9. Be2 d6 10. d3 Bb7 11. Bg5 Nbd7 12. 0-0-0 Rg8 13. g3 Ne5 14. Nxe5 Rxg5 15. Bf3 Bxf3 16. Nxf3 Rf5 17. Nd4 Rxf2 18. Rhf1 Ng4 19. h3 Rxf1 20. Rxf1 Ne5 21. Kc2 a6 22. Rf6 Ke7 23. Rh6 Rg8 24. g4 Rg7 25. Ne2 Ng6 26. Kd2 Nf8 27. Nc3 Rg6 28. Rh5 h6 29. Ne4 Nh7 30. a4 Nf6 31. Nxf6 Kxf6 32. a5 Kg7 33. b4 Rg5 34. Rxg5+ hxg5 35. b5 1-0

[Event "Rewal op-A 12th"]
[Site "Rewal"]
[Date "2007.08.25"]
[Round "5"]
[White "Szudra, Heinz Werner"]
[Black "Klim, Kamil"]
[Result "0-1"]
[WhiteElo "2029"]
[BlackElo "2126"]
[PlyCount "64"]
[EventDate "2007.08.20"]
[EventType "swiss"]
[EventRounds "9"]
[EventCountry "POL"]
[SourceTitle "CBM 120 Extra"]
[Source "ChessBase"]
[SourceDate "2007.11.01"]
[SourceVersion "1"]
[SourceVersionDate "2007.11.01"]
[SourceQuality "1"]

1. c4 Nf6 2. Nc3 g6 3. g3 Bg7 4. Bg2 0-0 5. e4 d6 6. d3 e5 7. Nge2 Nc6 8. 0-0 Ne8 9. f4 f5 10. Be3 Be6 11. exf5 Bxf5 12. Qd2 Qd7 13. Rae1 Nf6 14. Kh1 Rae8 15. Nd5 Nd4 16. Nxf6+ Bxf6 17. Nc3 c6 18. Bxd4 exd4 19. Ne4 Bg7 20. Nf2 h6 21. b4 d5 22. cxd5 cxd5 23. Rxe8 Rxe8 24. Re1 Rxe1+ 25. Qxe1 Be6 26. b5 Bf7 27. a4 Qc7 28. Bh3 Qc2 29. a5 Kf8 30. Qb4+ Kg8 31. Kg2 Bf8 32. Qxd4 Bc5 0-1

[Event "Vienna op-A 15th"]
[Site "Vienna"]
[Date "2006.07.30"]
[Round "2"]
[White "Szudra, Heinz Werner"]
[Black "Fruehauf, Norbert"]
[Result "1/2-1/2"]
[WhiteElo "2002"]
[BlackElo "2102"]
[PlyCount "44"]
[EventDate "2006.07.29"]
[EventType "swiss"]
[EventRounds "9"]
[EventCountry "AUT"]
[SourceTitle "CBM 113 Extra"]
[Source "ChessBase"]
[SourceDate "2006.09.14"]
[SourceVersion "1"]
[SourceVersionDate "2006.09.14"]
[SourceQuality "1"]

1. c4 Nf6 2. Nc3 g6 3. g3 Bg7 4. Bg2 0-0 5. e4 d6 6. d3 c5 7. Nge2 Nc6 8. 0-0 Ne8 9. Be3 Nc7 10. a3 Ne6 11. Rb1 a5 12. Nb5 Ned4 13. Nbxd4 Nxd4 14. Nxd4 Bxd4 15. Bxd4 cxd4 16. Qd2 e5 17. b4 axb4 18. Qxb4 Qa5 19. Qxd6 Qxa3 20. Qxe5 Qxd3 21. Rfd1 Qxc4 22. Qxd4 Qxd4 1/2-1/2

[Event "Hamburg Junge op"]
[Site "Hamburg"]
[Date "2005.10.07"]
[Round "7"]
[White "Szudra, Heinz Werner"]
[Black "Tatliak, Stefan"]
[Result "1-0"]
[WhiteElo "2012"]
[BlackElo "1768"]
[PlyCount "95"]
[EventDate "2005.10.01"]
[EventType "swiss"]
[EventRounds "9"]
[EventCountry "GER"]
[SourceTitle "CBM 108 Extra"]
[Source "ChessBase"]
[SourceDate "2005.11.04"]
[SourceVersion "1"]
[SourceVersionDate "2005.11.04"]
[SourceQuality "1"]

1. c4 Nf6 2. Nc3 e6 3. e4 d6 4. d4 Nbd7 5. Nf3 e5 6. Be2 Be7 7. 0-0 0-0 8. h3 c6 9. Be3 b6 10. Qc2 Bb7 11. Rfd1 Qc7 12. Rac1 Rfe8 13. b4 a5 14. b5 c5 15. dxe5 dxe5 16. Nd5 Bxd5 17. cxd5 Bd6 18. a4 Nf8 19. Nh4 Ng6 20. Nf5 Nf4 21. Bf3 Ng6 22. Bg5 Kh8 23. Bxf6 gxf6 24. g3 Rg8 25. Kh2 Ne7 26. Bg4 Rad8 27. Nh6 Rg7 28. Bf5 Ng6 29. h4 Bf8 30. Qd3 Rd6 31. Rc4 Ne7 32. Qf3 Qd8 33. Rg1 Qe8 34. Bh3 Rg6 35. Ng4 Ng8 36. Ne3 Nh6 37. Bf5 Rg7 38. Qh5 Rg8 39. g4 Bg7 40. g5 fxg5 41. hxg5 Qd8 42. Rg3 Nxf5 43. exf5 f6 44. Rh4 h6 45. gxh6 Bf8 46. Rxg8+ Kxg8 47. Qg6+ Kh8 48. Rg4 1-0

[Event "Hamburg sim"]
[Site "Hamburg"]
[Date "2005.10.03"]
[Round "12"]
[White "Shirov, Alexei"]
[Black "Szudra, Heinz Werner"]
[Result "1-0"]
[WhiteElo "2705"]
[BlackElo "2016"]
[PlyCount "93"]
[EventDate "2005.10.03"]
[EventType "simul"]
[EventRounds "1"]
[EventCountry "GER"]
[SourceTitle "EXT 2009"]
[Source "ChessBase"]
[SourceDate "2008.11.26"]
[SourceVersion "1"]
[SourceVersionDate "2008.11.26"]
[SourceQuality "1"]

1. e4 e6 2. d4 d5 3. e5 c5 4. c3 Nc6 5. Nf3 Nge7 6. Be2 Nf5 7. g4 Nh4 8. Nxh4 Qxh4 9. Be3 cxd4 10. cxd4 Bb4+ 11. Nc3 h6 12. Qc2 Bd7 13. 0-0-0 Bxc3 14. bxc3 Qd8 15. h4 Qa5 16. Kb1 b5 17. g5 b4 18. c4 Rb8 19. gxh6 b3 20. axb3 Qa3 21. Rd3 Nb4 22. hxg7 Rg8 23. Qb2 Qxb2+ 24. Kxb2 Nxd3+ 25. Bxd3 Rxg7 26. cxd5 a5 27. h5 a4 28. h6 Rg8 29. h7 Rh8 30. Bg5 Rxb3+ 31. Kc2 exd5 32. Bf6 Rxd3 33. Bxh8 Bf5 34. Kb2 Rxd4 35. Bf6 Bxh7 36. Rxh7 Rd2+ 37. Ka3 Rxf2 38. Kxa4 Ra2+ 39. Kb5 Ra1 40. Rh8+ Kd7 41. Rd8+ Ke6 42. Rd6+ Kf5 43. Rxd5 Ke6 44. Rc5 Rb1+ 45. Kc4 Rd1 46. Ra5 Rd2 47. Ra7 1-0

[Event "Hamburg League qual"]
[Site "Hamburg"]
[Date "2005.08.27"]
[Round "4"]
[White "Szudra, Heinz Werner"]
[Black "Sellack, Helmut"]
[Result "0-1"]
[WhiteElo "2016"]
[BlackElo "1970"]
[PlyCount "112"]
[EventDate "2005.08.14"]
[EventType "swiss"]
[EventRounds "7"]
[EventCountry "GER"]
[SourceTitle "EXT 2006"]
[Source "ChessBase"]
[SourceDate "2005.11.24"]
[SourceVersion "1"]
[SourceVersionDate "2005.11.24"]
[SourceQuality "1"]

1. c4 e5 2. Nc3 Nf6 3. Nf3 Nc6 4. g3 Bb4 5. Bg2 d6 6. 0-0 0-0 7. d3 h6 8. a3 Bxc3 9. bxc3 a5 10. e4 Be6 11. Rb1 Rb8 12. h3 Nd7 13. Nh4 Ne7 14. Be3 g5 15. Nf5 Nxf5 16. exf5 Bxf5 17. f4 exf4 18. gxf4 Qe7 19. Bd4 c5 20. fxg5 Qxg5 21. Qf3 cxd4 22. Qxf5 Qxf5 23. Rxf5 dxc3 24. Bd5 Nc5 25. Rc1 Nxd3 26. Rxc3 Ne5 27. Rg3+ Kh7 28. Rf6 b5 29. h4 bxc4 30. h5 Rb1+ 31. Kf2 Rb2+ 32. Kf1 Rb1+ 33. Kf2 Nd3+ 34. Ke3 Re1+ 35. Kd4 Nc5 36. Rxd6 Ne6+ 37. Bxe6 Rxe6 38. Rxe6 fxe6 39. Kxc4 Rf4+ 40. Kb3 Rh4 41. Rg6 a4+ 42. Kb2 Rxh5 43. Rxe6 Rh2+ 44. Kc3 Rh4 45. Rd6 h5 46. Ra6 Rg4 47. Kd3 h4 48. Ke2 h3 49. Ra7+ Kh6 50. Ra8 Kg5 51. Rg8+ Kh4 52. Rh8+ Kg3 53. Rf8 h2 54. Rf3+ Kg2 55. Rf2+ Kh3 56. Rf3+ Rg3 0-1

[Event "Hamburg League qual"]
[Site "Hamburg"]
[Date "2005.08.20"]
[Round "2"]
[White "Szudra, Heinz Werner"]
[Black "Ludwig, Jan"]
[Result "1-0"]
[WhiteElo "2016"]
[BlackElo "1566"]
[PlyCount "83"]
[EventDate "2005.08.14"]
[EventType "swiss"]
[EventRounds "7"]
[EventCountry "GER"]
[SourceTitle "EXT 2006"]
[Source "ChessBase"]
[SourceDate "2005.11.24"]
[SourceVersion "1"]
[SourceVersionDate "2005.11.24"]
[SourceQuality "1"]

1. c4 e5 2. Nc3 Nf6 3. Nf3 Nc6 4. g3 Bb4 5. Bg2 0-0 6. 0-0 d6 7. d3 Be6 8. Bg5 h6 9. Bxf6 Qxf6 10. Nd5 Qd8 11. Nxb4 Nxb4 12. Qb3 a5 13. a3 Na6 14. Qc3 c6 15. b4 a4 16. Nd2 Qd7 17. d4 Rfe8 18. dxe5 dxe5 19. Ne4 Rad8 20. b5 cxb5 21. c5 Bc4 22. Nd6 Nxc5 23. Nxe8 Rxe8 24. Rfd1 Qc7 25. e3 e4 26. Bf1 Nb3 27. Ra2 Rc8 28. Rc2 Qe7 29. Qb2 Qe6 30. Qc3 Rc6 31. Qb4 Bxf1 32. Rxc6 bxc6 33. Kxf1 Qe8 34. Qd6 Kh7 35. Qd7 Qa8 36. Qf5+ Kg8 37. Rd7 Qe8 38. Rc7 c5 39. Rc8 Kf8 40. Rxe8+ Kxe8 41. Qc8+ Ke7 42. Qb7+ 1-0

[Event "Bargteheide op"]
[Site "Bargteheide"]
[Date "2005.05.05"]
[Round "1"]
[White "Kopylov, Michael"]
[Black "Szudra, Heinz Werner"]
[Result "1-0"]
[WhiteElo "2437"]
[BlackElo "2045"]
[PlyCount "63"]
[EventDate "2005.05.05"]
[EventType "swiss"]
[EventRounds "7"]
[EventCountry "GER"]
[SourceTitle "CBM 106 Extra"]
[Source "ChessBase"]
[SourceDate "2005.07.01"]
[SourceVersion "1"]
[SourceVersionDate "2005.07.01"]
[SourceQuality "1"]

1. d4 Nf6 2. c4 c5 3. d5 b5 4. cxb5 a6 5. bxa6 e6 6. Nc3 Nxd5 7. Nxd5 exd5 8. Qxd5 Nc6 9. e4 Be7 10. Nf3 Bxa6 11. Bxa6 Qa5+ 12. Bd2 Qxa6 13. Bc3 Nb4 14. Bxb4 cxb4 15. Ne5 0-0 16. Nd3 b3 17. a4 Qa5+ 18. Qxa5 Rxa5 19. Kd2 Rfa8 20. Rhc1 Rxa4 21. Rxa4 Rxa4 22. Rc8+ Bf8 23. Ke3 f6 24. Rb8 Kf7 25. Rxb3 Bd6 26. Rb7 Ke7 27. f4 Ke6 28. Rb6 Ke7 29. e5 fxe5 30. fxe5 Bc7 31. Rb7 Kd8 32. e6 1-0

[Event "Pinneberg-ch"]
[Site "Pinneberg"]
[Date "2004.08.19"]
[Round "2"]
[White "Schnelle, Rainer"]
[Black "Szudra, Heinz Werner"]
[Result "1/2-1/2"]
[WhiteElo "1784"]
[BlackElo "1966"]
[PlyCount "44"]
[EventDate "2004.08.12"]
[EventType "swiss"]
[EventRounds "7"]
[EventCountry "GER"]
[SourceTitle "EXT 2005"]
[Source "ChessBase"]
[SourceDate "2004.11.15"]
[SourceVersion "1"]
[SourceVersionDate "2004.11.15"]
[SourceQuality "1"]

1. e4 e6 2. d3 d5 3. Nd2 Nf6 4. Ngf3 b6 5. g3 dxe4 6. dxe4 Bb7 7. e5 Nd5 8. Bg2 Nd7 9. 0-0 Bc5 10. a3 a5 11. Ne4 0-0 12. c4 Ne3 13. Nxc5 Nxd1 14. Nxb7 Qc8 15. Rxd1 Rb8 16. c5 Nxc5 17. Nxc5 bxc5 18. Rb1 Rd8 19. Bd2 Qa6 20. Bf1 Qc6 21. Bg2 Qa4 22. Re1 h6 1/2-1/2

[Event "Pinneberg-ch"]
[Site "Pinneberg"]
[Date "2004.08.12"]
[Round "1"]
[White "Szudra, Heinz Werner"]
[Black "Tornier, Siegfried"]
[Result "1-0"]
[WhiteElo "2066"]
[BlackElo "1651"]
[PlyCount "51"]
[EventDate "2004.08.12"]
[EventType "swiss"]
[EventRounds "7"]
[EventCountry "GER"]
[SourceTitle "EXT 2005"]
[Source "ChessBase"]
[SourceDate "2004.11.15"]
[SourceVersion "1"]
[SourceVersionDate "2004.11.15"]
[SourceQuality "1"]

1. c4 c5 2. Nc3 Nf6 3. g3 e6 4. Bg2 Nc6 5. Nf3 Be7 6. d4 cxd4 7. Nxd4 0-0 8. 0-0 a6 9. e4 Ne5 10. b3 d6 11. h3 h6 12. Be3 Rb8 13. Qd2 Bd7 14. a4 Bc6 15. Rfe1 Qd7 16. a5 b5 17. axb6 Rxb6 18. f4 Ng6 19. Nxe6 Qxe6 20. Bxb6 Rb8 21. Bd4 Rxb3 22. f5 Qxc4 23. fxg6 fxg6 24. Rac1 Qe6 25. Qa2 Kh7 26. Rb1 1-0

[Event "Znojmo Hostan op"]
[Site "Znojmo"]
[Date "2004.05.20"]
[Round "6"]
[White "Collette, Benjamin"]
[Black "Szudra, Heinz Werner"]
[Result "1/2-1/2"]
[WhiteElo "2160"]
[BlackElo "2064"]
[PlyCount "32"]
[EventDate "2004.05.15"]
[EventType "swiss"]
[EventRounds "9"]
[EventCountry "CZE"]
[SourceTitle "CBM 100 Extra"]
[Source "ChessBase"]
[SourceDate "2004.07.06"]
[SourceVersion "2"]
[SourceVersionDate "2004.07.06"]
[SourceQuality "1"]

1. d4 Nf6 2. Nf3 c5 3. d5 e6 4. Nc3 Nxd5 5. Nxd5 exd5 6. Qxd5 Nc6 7. e4 Be7 8. Bc4 0-0 9. c3 d6 10. Qh5 Be6 11. Bxe6 fxe6 12. Bg5 Ne5 13. Bxe7 Nxf3+ 14. gxf3 Qxe7 15. 0-0-0 Rad8 16. Rhg1 Qf7 1/2-1/2

[Event "Travemuende op 19th"]
[Site "Travemuende"]
[Date "2002.12.27"]
[Round "2"]
[White "Szudra, Heinz Werner"]
[Black "Blancke, Stefan"]
[Result "1/2-1/2"]
[WhiteElo "2068"]
[BlackElo "2279"]
[PlyCount "62"]
[EventDate "2002.12.21"]
[EventType "swiss"]
[EventRounds "7"]
[EventCountry "GER"]
[SourceTitle "EXT 2004"]
[Source "ChessBase"]
[SourceDate "2003.11.25"]
[SourceVersion "1"]
[SourceVersionDate "2003.11.25"]
[SourceQuality "1"]

1. c4 e5 2. Nc3 Nf6 3. g3 d5 4. cxd5 Nxd5 5. Bg2 Nb6 6. Nf3 Nc6 7. 0-0 Be7 8. d3 0-0 9. a3 Re8 10. b4 Bf8 11. Bb2 a5 12. b5 Nd4 13. e3 Nxf3+ 14. Bxf3 a4 15. Rc1 Ra5 16. Qc2 Bd6 17. Rfd1 Qe7 18. d4 exd4 19. Rxd4 Bxa3 20. Bxa3 Qxa3 21. Nd5 Nxd5 22. Bxd5 Be6 23. Bxe6 fxe6 24. Qxc7 Rxb5 25. Rd7 Qf8 26. Rc4 Rf5 27. Rg4 Rf7 28. Rxa4 Rxf2 29. Rxg7+ Qxg7 30. Qxg7+ Kxg7 31. Kxf2 Rb8 1/2-1/2

[Event "Wichern op 5th"]
[Site "Hamburg"]
[Date "1999.10.16"]
[Round "2"]
[White "Svensen, Tarjei Joten"]
[Black "Szudra, Heinz Werner"]
[Result "0-1"]
[WhiteElo "1588"]
[BlackElo "1956"]
[PlyCount "66"]
[EventDate "1999.10.15"]
[EventType "swiss"]
[EventRounds "9"]
[EventCountry "GER"]
[SourceTitle "EXT 2001"]
[Source "ChessBase"]
[SourceDate "2000.11.22"]
[SourceVersion "1"]
[SourceVersionDate "2000.11.22"]
[SourceQuality "1"]

1. Nf3 Nf6 2. d4 c5 3. d5 g6 4. c4 b5 5. cxb5 a6 6. bxa6 Bxa6 7. Nc3 d6 8. g3 Bg7 9. e4 Bxf1 10. Kxf1 0-0 11. Kg2 Nbd7 12. h3 Qb6 13. Qc2 Rfb8 14. Nd2 Qb4 15. f4 Ne8 16. Rd1 Nc7 17. Nb3 Qb7 18. Kh2 Na6 19. e5 dxe5 20. Qf2 Nb4 21. Nxc5 Nxc5 22. Qxc5 exf4 23. Bxf4 Rc8 24. Qf2 Bxc3 25. bxc3 Rxc3 26. Rd2 Raa3 27. Bh6 Rxg3 28. Qxg3 Rxg3 29. Kxg3 Nxd5 30. Rad1 Qc7+ 31. Kf3 e6 32. Rd3 Qe5 33. R1d2 Qh5+ 0-1